| 000 | 01089cam a22003377a 4500 | ||
|---|---|---|---|
| 003 | CHAP | ||
| 005 | 20220817042759.0 | ||
| 008 | 971013s1974 r 00010 d | ||
| 010 | _a55358 | ||
| 011 | _a56330 | ||
| 035 | _a60483 | ||
| 040 | _cCHAP | ||
| 082 |
_a080 _bS4 v.159 |
||
| 100 | 0 | 0 |
_aSayeg Helú, Jorge. _9102825 |
| 245 | 1 | 3 | _aEl nacimiento de la República Federal Mexicana |
| 260 |
_aMéxico : _bSecretaría de Educación Pública, _c1974 |
||
| 300 | _a167 p. | ||
| 490 | 0 |
_aSEP/Setentas _v; 159 |
|
| 590 |
_aBATCH-UPD _b10 _c20130110 _lUCH01 _h0223 |
||
| 590 |
_aBATCH-UPD _b10 _c20130110 _lUCH01 _h0902 |
||
| 590 |
_aBATCH-UPD _b10 _c20130409 _lUCH01 _h2244 |
||
| 590 |
_aBATCH-UPD _b10 _c20130914 _lUCH01 _h1545 |
||
| 590 |
_aCONVERSION _b10 _c20130109 _lUCH01 _h1330 |
||
| 650 | 1 | 4 |
_aGobierno federal. _948406 |
| 650 | 1 | 4 |
_aMéxico _xHistoria constitucional. _976773 |
| 650 | 1 | 4 |
_aMéxico _xHistoria _xIndependencia. _976761 |
| 830 | 0 |
_aSEP. Setentas _v; 159 |
|
| 901 | _aBK | ||
| 942 | _cLIBRO | ||
| 949 |
_a080 S4 v.159 _bBC _cLIBRO _d33724000307302 _eLIBRO _h44496 _i60483 _mD _si |
||
| 999 |
_c55358 _d55358 |
||